00759nam a2200205 a 450000100100000000500170001000800410002702000150006804000250008308200150010824501050012326000520022830000280028049000310030870000360033983000390037504900090041495201130042399900170053600001650820240715140508.0100305s2004 dr a 000 0 spa d a9993424129 aDO-SdBNPbspacBNPHU axxxxbE24s00aEducar sujetos con raices :bMemoria-identidad-proyecto /ccuidado de edición Raymundo González. aSanto Domingo :bCentro Cultural Poveda,c2004. a196 p. :bil. ;c25 cm.1 aAnuario pedagócicovv. 7 aGonzález, Raymundoeed.96373 0aAnuario pedagóciconno. 7936744 aBNPD 0010718PDaPDbPDcHDd2010-03-05iLF1l0oxxxx E24sp16508-10r2020-06-25w2020-06-25yLFPDZNo se presta c16042d16042